| 000 | 00632nam a2200145Ia 4500 | ||
|---|---|---|---|
| 008 | 170221s9999 xx 000 0 und d | ||
| 100 | _aElena Y. Levina, Nikolai Y. Kruglikov | ||
| 245 | 4 | _aThe Manageability of the Educational System: Characteristics and Optimization | |
| 245 | _cElena Y. Levina, Nikolai Y. Kruglikov, Irina V. Krasina, Yuliа V. Mishina, Alina N. Lugova, Olga V. Railian, Olga V. Ruzakova, Irina Z. Shakhnina | ||
| 260 | _bInternational Review of Management and Marketing | ||
| 260 | _cMay 2012 | ||
| 300 | _a1:1 | ||
| 650 | _xMarketing. | ||
| 856 | _uhttp://www.econjournals.com/index.php/irmm/issue/view/71 | ||
| 999 |
_c310457 _d310457 |
||